000 00464nam a22001817a 4500
005 20230117123439.0
008 220225b ||||| |||| 00| 0 eng d
020 _a978-93-87964-02-0
041 _aeng
082 _a612
100 _aCHATTERJEE, C.C. AND JOHN, NITIN ASHOK
_97235
245 _aHUMAN PHYSIOLOGY [VOL-1]
250 _a12TH, ED. 2018
260 _aNEW DELHI
_bC.B.S.
_c2018
300 _a566;p
650 _aPHARMACY
_xD.PHARMA
_97090
942 _cBK
999 _c7982
_d7980